| 000 | 00465nam a2200157Ia 4500 | ||
|---|---|---|---|
| 008 | 191206s9999 xx 000 0 und d | ||
| 020 | _a087589464X | ||
| 090 | _aHM131.S832 | ||
| 245 | 4 | _aThe study of organizations | |
| 250 | _a1st ed. | ||
| 260 | _aJossey-Bass | ||
| 260 | _bThe Jossey-Bass social and behavioral science series | ||
| 260 | _cc1980 | ||
| 300 | _a"xx, 567 p. : ill. ; 26 cm." | ||
| 999 |
_c17145 _d17145 |
||